জীবনী গ্রন্থমালা, বন্দে আলী মিয়া ১৯০৬-১৯৭৯ / (Record no. 25981)

MARC details
000 -LEADER
fixed length control field 00788nam a22002057a 4500
003 - CONTROL NUMBER IDENTIFIER
control field BDDh-ASL
005 - DATE AND TIME OF LATEST TRANSACTION
control field 20231015030600.0
008 - FIXED-LENGTH DATA ELEMENTS--GENERAL INFORMATION
fixed length control field 210922s1988 b ||||| |||| 00| 0 b d
040 ## - CATALOGING SOURCE
Transcribing agency BDDh-ASL
082 ## - DEWEY DECIMAL CLASSIFICATION NUMBER
Classification number 928.9144
Item number SAB
100 1# - MAIN ENTRY--PERSONAL NAME
9 (RLIN) 842
Personal name সাকলায়েন, গোলাম
245 10 - TITLE STATEMENT
Title জীবনী গ্রন্থমালা, বন্দে আলী মিয়া ১৯০৬-১৯৭৯ /
246 ## - VARYING FORM OF TITLE
Title proper/short title Jibani Granthamala: Bande Ali Mia
260 ## - PUBLICATION, DISTRIBUTION, ETC.
Place of publication, distribution, etc. ঢাকা:
Name of publisher, distributor, etc. বাংলা একাডেমি,
Date of publication, distribution, etc. ১৯৮৮।
300 ## - PHYSICAL DESCRIPTION
Extent ১০৭ পৃষ্ঠা, :
Dimensions ২২ সে. মি.
504 ## - BIBLIOGRAPHY, ETC. NOTE
Bibliography, etc. note গ্রন্থপঞ্জি সংযুক্ত
650 #0 - SUBJECT ADDED ENTRY--TOPICAL TERM
9 (RLIN) 1339
Topical term or geographic name entry element Biography
650 #0 - SUBJECT ADDED ENTRY--TOPICAL TERM
9 (RLIN) 1335
Topical term or geographic name entry element Literature
942 ## - ADDED ENTRY ELEMENTS (KOHA)
Source of classification or shelving scheme Dewey Decimal Classification
Koha item type Books
Holdings
Withdrawn status Lost status Source of classification or shelving scheme Damaged status Not for loan Collection code Home library Current library Shelving location Date acquired Source of acquisition Total Checkouts Full call number Barcode Date last seen Copy number Price effective from Koha item type
    Dewey Decimal Classification     Non-fiction Asiatic Society Library Asiatic Society Library General Stacks 09/22/2021 Donated by Prof. (Dr.) M. Abdul Qayyum & Dr. Razia Sultana   928.9144 SAB 111821 09/22/2021 C-1 09/22/2021 Books

Powered by Koha